000 00309nam a22001337a 4500
008 171011b xxu||||| |||| 00| 0 eng d
020 _a2900135018841
041 _aeng
080 _a316
100 _a50
101 _asoc
245 _aSTUDY GUIDE SOCIETY THE BASICS
_cMACIONIS.J.J
942 _2udc
_cBK
999 _c33086
_d33086